Statistics for Rock Songs #17

Click here to take the quiz!

General Stats

  • This quiz has been taken 19 times
  • The average score is 7 of 20

Answer Stats

Song NameNumber of Spotify Streams to nearest MillionArtist% Correct
Iron man468Black Sabbath
94%
Holy Diver224Dio
72%
Rebel Rebel373David Bowie
61%
Girls Got Rhythm75AC/DC
50%
Carrie237Europe
50%
Island in the Sun735Weezer
50%
Down in a Hole141Alice in Chains
33%
Holiday In Cambodia59Dead Kennedys
33%
Get in the Ring18Guns N roses
33%
Hammer Smashed Face33Cannibal Corpse
22%
Floaty6Foo Fighters
22%
Caught Somewhere in Time22Iron Maiden
22%
The Fight Song88Marilyn Manson
22%
The Devil in I354Slipknot
22%
Panic Attack7Judas Priest
17%
The Kids Are Alt Right4Bad Religion
11%
Toxic Garbage Island16Gojira
11%
We are 13815Misfits
11%
Greedy Bastards2Motorhead
11%
All We Are21Warlock
11%

Score Distribution

Percentile by Number Answered

Percent of People with Each Score

Your Score History

You have not taken this quiz